A eneida (Registo nº 912)
[ vista simples ]
| 000 -Etiqueta do registo | |
|---|---|
| Cabeçalho | 00768nam0a2200253 4500 |
| 005 - Identificador da versão | |
| Campo de controlo | 20240813121818.0 |
| 021 ## - Número do Depósito Legal | |
| Código do país | PT |
| Número | 298 462/09 |
| 100 ## - Dados gerais de processamento | |
| Dados gerais de processamento | 20160707d2009 a y0pory5003 ba |
| 102 ## - Pais de publicação ou produção | |
| País de publicação | Portugal |
| 101 1# - Língua de publicação | |
| Língua do texto, banda sonora, etc. | Português |
| Língua do documento no original | Italiano |
| 215 ## - Descrição física | |
| Indicação específica da natureza do documento e extensão da espécie | 167 p |
| 200 1# - Titulo e menção de responsabilidade | |
| Título próprio | A eneida |
| Primeira menção de responsabilidade | Virgílio |
| Outras menções de responsabilidade | contada às crianças e ao povo por João de Barros |
| 225 2# - Colecção | |
| Título próprio da colecção | Clássicos da Humanidade |
| 210 ## - Publicação, Distribuição, etc. | |
| Lugar da edição, distribuição, etc. | Lisboa |
| Nome do editor, distribuidor, etc. | Sá da Costa |
| Data da publicação, distribuição, etc. | 2009 |
| 300 ## - Notas gerais | |
| Texto da nota | Plano Nacional de Leitura |
| 606 ## - Nome comum usado como assunto | |
| Número de registo de entrada de autoridade | 0003097 |
| Palavra de ordem | Literatura italiana |
| Subdivisão de assunto | Romances históricos |
| Código do sistema | CA |
| 675 ## - Classificação Decimal Universal (CDU) | |
| Notação | 821.131.1-311.6 |
| Edição | 3ª ed. |
| Língua da edição | por |
| 702 #1 - Nome de autor-pessoa física (responsabilidade secundária) | |
| Número de registo de entrada de autoridade | 0003096 |
| Palavra de ordem | Barros |
| Outra parte do nome não tomada para palavra de ordem | João de |
| Código de função | Adaptador |
| 700 #0 - Nome de autor-pessoa física (responsabilidade principal) | |
| Número de registo de entrada de autoridade | 0003099 |
| Palavra de ordem | Virgílio |
| Datas | 70 a. C.-19 a. C. |
| 942 ## - Elementos de entrada adicionados (Koha) | |
| Tipo de item no Koha | Livro |
| Situação do levantamento | Origin of item (home branch) (coded) | Biblioteca de empréstimo | Código de barras | Cota | Circulation type (not for loan) | Tipo de documento | Nota do exemplar | Damaged status |
|---|---|---|---|---|---|---|---|---|
| Biblioteca Escolar Eng. Nuno Mergulhão | Biblioteca Escolar Eng. Nuno Mergulhão | BENM1640 | 82LP-3 BAR PNL | Livro | Sem mensagem |
